<?xml version="1.0" encoding="UTF-8"?>
<collection xmlns="http://www.loc.gov/MARC21/slim">
 <record>
  <leader>01589pamaa2200217   4500</leader>
  <controlfield tag="001">0000045312</controlfield>
  <controlfield tag="005">20090706090000.0</controlfield>
  <controlfield tag="008">090612                             eng  </controlfield>
  <datafield tag="020" ind1="0" ind2="0">
   <subfield code="a">1416532471 / 9781416532477 </subfield>
  </datafield>
  <datafield tag="090" ind1="0" ind2="0">
   <subfield code="a">HD57.7 </subfield>
   <subfield code="b">IAC 2007</subfield>
  </datafield>
  <datafield tag="100" ind1="1" ind2="0">
   <subfield code="a">Iacocca </subfield>
  </datafield>
  <datafield tag="245" ind1="1" ind2="0">
   <subfield code="a">Where have all the leaders gone?  </subfield>
   <subfield code="c">Lee Iacocca; </subfield>
   <subfield code="f">with Catherine Whitney.</subfield>
  </datafield>
  <datafield tag="250" ind1="0" ind2="0">
   <subfield code="a">1st ed.</subfield>
  </datafield>
  <datafield tag="260" ind1="0" ind2="0">
   <subfield code="a">New York: </subfield>
   <subfield code="b">Scribner, </subfield>
   <subfield code="c">2007.</subfield>
  </datafield>
  <datafield tag="300" ind1=" " ind2=" ">
   <subfield code="a">xi, 274 p.; </subfield>
   <subfield code="c">20 cm.</subfield>
  </datafield>
  <datafield tag="504" ind1="0" ind2="0">
   <subfield code="a">Includes index</subfield>
  </datafield>
  <datafield tag="505" ind1="0" ind2="0">
   <subfield code="a">Where have all the leaders gone? -- Had enough? -- People and priorities : its that simple -- Can you show me where it's working? -- Aren't we supposed to be the good guys? -- How much do we love democracy? -- Where have all our friends gone? -- Will the real leader of the free world please stand up? -- Meet the coalition of the UNwilling -- What will we do for oil? -- Free trade must be fair trade -- Don't fence me in-or out -- Is capitalism letting us down? --&#13;
Where does all the money go? -- Will we ever trust corporate America again? -- Chrysler's lesson : resist the urge to merge -- Can anyone around here run a car company? -- Who will save the middle class? -- The blame game is killing us -- Can America be great again? -- Are we too fat and satisfied for our own good? -- Bring back brain power -- Three men who taught me how to lead -- Get off the golf course and do something -- 2008: a call to action</subfield>
  </datafield>
  <datafield tag="650" ind1="0" ind2="0">
   <subfield code="a">Leadership -- </subfield>
   <subfield code="z">United States </subfield>
  </datafield>
  <datafield tag="650" ind1="0" ind2="0">
   <subfield code="a">Political leadership -- </subfield>
   <subfield code="z">United States </subfield>
  </datafield>
  <datafield tag="700" ind1="1" ind2="1">
   <subfield code="a">Whitney, </subfield>
   <subfield code="h">Catherine </subfield>
  </datafield>
  <datafield tag="901" ind1=" " ind2=" ">
   <subfield code="u">http://www.simonandschuster.com</subfield>
  </datafield>
 </record>
</collection>
